000 01001nas a2200289 4500
001 6297
003 GR-kaGGEEl
005 20220622205358.0
035 _a9000
090 _a6297
100 _a20100513a19569999k y0grey50 ga
101 0 _agre
102 _aCY
106 _ae
110 _ac||| 0|||
200 1 _aΧαραυγή [εφημερίδα]
_eπαγκύπρια πρωινή καθημερινή εφημερίδα
207 0 _a18 Φεβρ.1956 -
210 _aΛευκωσία
_d1956 -
310 _aΗ βιβλιοθήκη διαθέτει τα εξής: 1958 - 1962, 1973 (Ιουλ.-Δεκ.), 1974 (Μαρτ.-Ιουν.).
310 _aΗ εφημερίδα είναι δεμένη σε 10 τόμους μεγάλου μεγέθους.
326 _aΗμερήσια
606 1 _aΤύπος, Κυπριακός
_923970
607 _aΚύπρος
_xΕφημερίδες
_916682
676 _a079.5645
942 _cCR